LEADER 01423nam0-2200421---450- 001 990000321540203316 005 20090907150904.0 010 $a88-203-2815-1 035 $a0032154 035 $aUSA010032154 035 $a(ALEPH)000032154USA01 035 $a0032154 100 $a20010110d2000----y0itay01 ba 101 $aita 102 $aIT 105 $a00||| 200 1 $aCodice di procedura penale$econ le norme di attuazione e regolamentari, appendice di leggi usuali, indici sommario, cronologico e analitico-alfabetico$fL. Franchi, V. Feroci, S. Ferrari 210 $aMilano$cU. Hoepli$d2000 215 $aXXXIII, 512, 21 p.$d17 cm 225 2 $aCodici e leggi d'Italia 312 $aTit. in cop.: Codice di procedura penale 2000 410 0$12001$aCodici e leggi d'Italia 605 $aCodice di procedura penale 676 $a345.450502632 710 02$aITALIA$0423419 801 0$aIT$bBNI$c19990125$gRICA 912 $a990000321540203316 951 $aXXVI.2.A 71 (CODEX 820)$b27847 G.$cXXVI.2.A 71 (CODEX)$d00069064 959 $aBK 969 $aGIU 979 $aTAMI$b40$c20010110$lUSA01$h0955 979 $aTAMI$b40$c20010110$lUSA01$h0957 979 $c20020403$lUSA01$h1640 979 $aPATRY$b90$c20040406$lUSA01$h1622 979 $aPATRY$b90$c20061017$lUSA01$h1724 979 $aRSIAV4$b90$c20090907$lUSA01$h1509 996 $aCodice di procedura penale$9200118 997 $aUNISA LEADER 01050nam0-22003371i-450 001 990003962170403321 005 20220711155146.0 010 $a88-464-0407-6 035 $a000396217 100 $a20030910d1998----km-y0itay50------ba 101 1 $aita$ceng 102 $aIT 105 $a--------001cy 200 1 $a<>guerra e il militare nel nuovo sistema internazionale$fa cura di James Burk 210 $aMilano$cFrancoAngeli$dİ1998 215 $a238 p.$ctab.$d22 cm 225 1 $aSociologia militare$fcollana diretta da Fabrizio Battistelli$v8 454 1$a<>military in news times. Adapting forces to a turbulent world 610 0 $aGuerra 610 0 $aPolitica militare$a1990-1998 610 0 $aPace 676 $a306.27$v21$zita 676 $a327.1$v21$zita 702 1$aBurk,$bJames 801 0$aIT$bUNINA$gRICA$2UNIMARC 901 $aBK 912 $a990003962170403321 952 $a306.27 BUR 1$b1299$fBFS 959 $aBFS 996 $aGuerra e il militare nel nuovo sistema internazionale$9512865 997 $aUNINA